ILLIT all songs discography (11/25) - Statistics

General Stats
  • This quiz has been taken 519 times
    39 since last reset
  • The average score is 15 of 16
Answer Stats
Answer % Correct
Billyeoon Goyangi (Do the Dance)
100%
Cherish (My Love)
100%
jellyous
100%
Magnetic
100%
NOT CUTE ANYMORE
100%
I'll Like You
94%
NOT ME
94%
Lucky Girl Syndrome
91%
Midnight Fiction
91%
My World
91%
Tick Tack
91%
IYKYK
88%
oops!
88%
little monster
85%
Pimple
82%
bamsopoong
76%
No matching quizzes found
Score Distribution
Percent of People with Each Score
Percentile by Number Answered
Your Score History
You have not taken this quiz since the last reset